People from Melbourne - Statistics

General Stats
  • This quiz has been taken 88 times
  • The average score is 5 of 12
Answer Stats
Picture Answer % Correct
Chris Hemsworth
86%
Kylie Minogue
71%
Cate Blanchett
66%
Shane Warne
64%
Eric Bana
60%
Guy Pearce
45%
Nick Cave
34%
Barry Humphries
31%
Peter Andre
30%
Ben Mendelsohn
16%
Tina Arena
15%
Eliza Taylor
0%
No matching quizzes found
Score Distribution
Percent of People with Each Score
Percentile by Number Answered
Your Score History
You have not taken this quiz